000 00351nam a2200145Ia 4500
008 240624s9999 xx 000 0 und d
041 _aeng
082 _a003 RAJ
100 _aRAJARAMAN V
245 _aANALYSIS AND DESIGN OF INFORMATION SYSTE
250 _a(2nd ed.)
260 _c2004
_aNew Delhi
_bPrentice-Hall
300 _axi, : 292
365 _cRS
999 _c136
_d136